Ricostruisci la Carriera del Calciatore - Pietro Terracciano - Statistics

Statistiche generali
  • Questo quiz è stato fatto 5 volte
  • Il punteggio medio è 2 su 9
Statistiche sulle risposte
Hint Risposta % Corretto
2008-2009 Avellino
60%
2009-2010 Nocerina
40%
2011-2013 Catania
20%
2019- Fiorentina
20%
2015-2017 Salernitana
20%
2013-2014 Avellino
0%
2014-2015 Catania
0%
2017-2019 Empoli
0%
2010-2011 Milazzo
0%
Nessun quiz corrispondente trovato
Distribuzione punteggi
Percentuale di utenti per punteggio
Percentile per numero di risposta
I tuoi punteggi nel tempo
Non hai fatto questo quiz